Sporty, w których nie używa się piłki - Statystyki

Ogólne statystyki
  • Ten quiz został rozwiązany 429 razy
    425 od ostatniego zresetowania
  • Średni wynik to 5 z 20
Statystyki odpowiedzi
Opis Sport % Poprawnych
Grzbiet, Delfin itd. Pływanie
65%
Wygraj przez punkty, TKO, lub KO Boks
60%
Włóż biszkopt do koszyka Hokej na lodzie
58%
Ulubione zajęcie Robin Hooda Łucznictwo
53%
Kamienie, lód i miotły Curling
51%
Używa się paletki Badminton
38%
Sport uprawiany w brytyjskich pubach Dart
33%
Skimming na śniegu Narciarstwo
32%
Używa się half-pipe i ramp Skateboarding
26%
Mocna strona Jessego Owensa Lekkoatletyka
21%
Wygraj dzięki pin Wrestling
8%
Sport Gabby Douglasa Gimnastyka
5%
Grał na epee Szermierka
5%
Skok z klifu, wyrafinowany Nurkowanie
2%
Sokół wędrowny się przyda Sokolnictwo
2%
Hipisowska wersja piłki nożnej? Ultimate
2%
Zawody Pucharu Ameryki Żeglarstwo
2%
Pogoń za flagą w szachownicę Auto Racing
1%
Golf, ale nie z piłką Dyskgolf
1%
Sport ostatnio zakazany w Anglii Polowanie na lisy
0%
Nie znaleziono quizów pasujących do podanych kryteriów
Rozkład punktacji
Procent ludzi z każdym wynikiem
Percentyl według liczby udzielonych odpowiedzi
Twoja historia wyników
Nie rozwiązałeś tego quizu od ostatniego zresetowania